00774nam a22001937a 4500003000900000005001700009008004100026040001300067100003100080245005300111260003700164300001000201490006300211500002000274520015500294942001200449999001900461952010000480IT-RoPau20220918181219.0140402b xxu||||| |||| 00| 0 eng d cIT-RoPau aFiglie di San Paolo918317 aVita Paolina nella provincia italiana - fsp 1995 aRomabCasa Provinciale FSPc1995 c24 cm aVita PaolinavMaggio 1995 (Speciale), Settembre, Dicembre) aPro manuscripto aIndice generale Maggio 1995 - Pp. 38 (Speciale) - (4 copie) 1° Vol Settembre 1995 - Pp. 42 - (2 copie) 2° Vol. Dicembre 1995 - Pp. 42 - (3 copie)  2ddccCR c104297d104297 00102ddc406P_D471aPAULUSbPAULUSd2014-04-02l0oP D4r2014-04-02 00:00:00w2014-04-02yCR